000 00689nas a2200241 4500
001 BR8602388
003 BR-BrBNA
005 20231205090449.0
007 ta
008 230509b bl.|||p| |||| 00| 00por d
040 _aBR-BrBNA
_bpor
_cBiblioteca Nacional de Agricultura
041 _a(Pt)
072 _aQ54
100 1 _aAnon.
245 1 _aPerigo no uso de fosfato natural? [nutricao animal]
650 _aBOVINO
650 _aNUTRICAO ANIMAL
650 _aCOMPOSICAO DE ALIMENTO
650 _aFOSFATO DE ROCHA
773 0 _tBalde Branco (Brazil)
_xISSN 0005-4275
_g(Jul 1986), v. 21(261) p. 28
_wBR8602388
909 _a202311
_bLúcia
_c55
_dLúcia Elande
942 _2AGRIS
_n0
_cANA
999 _c118619
_d118619